[Event "XXXV C.to Italiano a squadre A1 Nord"]
[Site "Monselice ITA"]
[Date "2003.03.30"]
[Round "5"]
[White "Manca, Federico"]
[Black "Guerra, Alessandro"]
[Result "1-0"]
[WhiteElo "2349"]
[BlackElo "2192"]
[PlyCount "67"]
[EventDate "2003.03.15"]

1. e4 g6 2. d4 Bg7 3. Nc3 c5 4. dxc5 Qa5 5. Nf3 Nf6 6. Bd3 Na6 7. O-O Nxc5 8.
e5 Ng4 9. Bc4 O-O 10. Nd5 Qd8 11. Bg5 Re8 12. Nxe7+ Rxe7 13. Qd6 Nxe5 14. Nxe5
Bxe5 15. Qxe7 Qxe7 16. Bxe7 Ne6 17. c3 b5 18. Bd5 Rb8 19. Rad1 Rb6 20. Rfe1 d6
21. g3 Kg7 22. f4 Bf6 23. Bxe6 Bxe6 24. Bxd6 Bxa2 25. Re8 h6 26. Bf8+ Kh7 27.
Rd6 Rxd6 28. Bxd6 a5 29. Be5 Kg7 30. Bxf6+ Kxf6 31. Re5 Bc4 32. h4 a4 33. Kf2
Kg7 34. Ke3 1-0

[Event "XXXV C.to Italiano a squadre A1 Nord"]
[Site "Monselice ITA"]
[Date "2003.03.30"]
[Round "5"]
[White "Mantovani, Renzo"]
[Black "Massa, Giovanni"]
[Result "1/2-1/2"]
[WhiteElo "2349"]
[BlackElo "2110"]
[PlyCount "65"]
[EventDate "2003.03.15"]

1. d4 Nf6 2. Nf3 g6 3. Bg5 Bg7 4. Nbd2 d5 5. Bxf6 Bxf6 6. e4 c6 7. c3 Qb6 8.
Qb3 Qxb3 9. axb3 Bg4 10. Be2 e6 11. b4 Nd7 12. b5 O-O 13. bxc6 bxc6 14. b4 Rfb8
15. e5 Bd8 16. Nb3 a5 17. Nxa5 Bxa5 18. bxa5 Bxf3 19. Bxf3 Rb5 20. a6 Rb6 21.
Be2 Nb8 22. Kd2 Nxa6 23. Rhb1 Rxb1 24. Rxb1 Rb8 25. Rxb8+ Nxb8 26. h4 Kf8 27.
Bd1 Ke7 28. Ke3 Na6 29. Be2 Nb8 30. h5 Nd7 31. Kf4 h6 32. hxg6 fxg6 33. Bd3
1/2-1/2

[Event "XXXV C.to Italiano a squadre A1 Nord"]
[Site "Monselice ITA"]
[Date "2003.03.30"]
[Round "5"]
[White "Negro, Roberto"]
[Black "Dervishi, Erald"]
[Result "0-1"]
[WhiteElo "2132"]
[BlackElo "2530"]
[PlyCount "50"]
[EventDate "2003.03.15"]

1. d4 Nf6 2. c4 e6 3. Nc3 d5 4. cxd5 exd5 5. Bg5 Be7 6. e3 O-O 7. Bd3 Nbd7 8.
Nf3 Re8 9. O-O c6 10. Qc2 Nf8 11. h3 g6 12. Rab1 Ne6 13. Bxf6 Bxf6 14. b4 a6
15. Na4 Be7 16. Nc5 Bd6 17. Rfc1 Ng5 18. Qe2 h6 19. a4 Qf6 20. Nd2 b6 21. Nxa6
Nxh3+ 22. gxh3 Qg5+ 23. Kf1 Bxh3+ 24. Ke1 Bg4 25. Qf1 Rxe3+ 0-1

[Event "XXXV C.to Italiano a squadre A1 Nord"]
[Site "Monselice ITA"]
[Date "2003.03.30"]
[Round "5"]
[White "Pernigotti, Carlo"]
[Black "Drabke, Lorenz Maximilian"]
[Result "0-1"]
[WhiteElo "2201"]
[BlackElo "2434"]
[PlyCount "66"]
[EventDate "2003.03.15"]

1. e4 c5 2. Nf3 e6 3. d4 cxd4 4. Nxd4 a6 5. c4 Nf6 6. Nc3 Qc7 7. a3 b6 8. Be3
Bb7 9. f3 Be7 10. Qd2 O-O 11. Rc1 d6 12. b4 Nbd7 13. Be2 Rac8 14. O-O Rfe8 15.
Kh1 Qb8 16. Bg1 Bd8 17. Rc2 Ne5 18. Na4 h5 19. Rfc1 Ned7 20. Bf1 h4 21. Nb2 h3
22. Nd3 hxg2+ 23. Bxg2 g6 24. Qh6 Nh7 25. Be3 Bf6 26. Nb3 Bc6 27. Bd4 Ba4 28.
Bxf6 Nhxf6 29. Rc3 Bxb3 30. Rxb3 d5 31. cxd5 exd5 32. Rxc8 Qxc8 33. exd5 Qc2
0-1